| 000 | 00717 a2200241 4500 | ||
|---|---|---|---|
| 003 | CBULib | ||
| 005 | 20250219123146.0 | ||
| 008 | 241104b |||||||| |||| 00| 0 eng d | ||
| 020 | _a9781870352970 | ||
| 040 |
_bEnglish _cCBULib _erda |
||
| 050 | _aPT 2617 Hey | ||
| 100 | _aHeym, Georg | ||
| 245 |
_aPoems _c/ by Georg Heym |
||
| 260 |
_bLibris, _c2004 _aLondon : |
||
| 300 | _axxiii, 215 pages : illustrations | ||
| 336 |
_2rdacontent _aText | _btxt |
||
| 337 |
_2rdamedia _aUnmediated | _bn |
||
| 338 |
_2rdacarrier _aVolume _bnc |
||
| 500 | _aIncludes bibliographical references and indexes | ||
| 650 | 0 |
_91441 _aPOETRY |
|
| 650 | 0 |
_93959 _aHEYM, GEORG 1887-1912 TRANSLATIONS INTO ENGLISH |
|
| 942 |
_2lcc _c002 |
||
| 999 |
_c85705 _d85705 |
||